000 01451cam a2200313 a 4500
001 12754708
003 OSt
005 20140403183147.0
008 010619s2000 ug l 000 0 eng
010 _a 2001295508
035 _a(DLC) 2001295508
040 _aDLC
_cDLC
_dDLC
042 _alcode
043 _af-ug---
050 0 0 _aKTW353
_b.A28 2000
082 0 0 _a347 KAL
_221
110 1 _aUganda.
_9554
245 1 0 _aKALR's civil practice legislation of Uganda as at 1st November 2010 /
_cedited by Ladislaus Kiiza Rwakafuuzi.
246 3 _aCivil practice legislation of Uganda
260 _aKampala :
_bKALR,
_c2004
300 _a1 v. (various pagings) ;
_c24 cm.
505 0 _aCivil Procedure Act -- Civil Procedure Rules -- Civil Procedure & Limitation (Misc. Prov.) Act -- Law Reform (Misc. Prov.) Act -- Government Proceeding Act -- Limitation Act -- Civil Procedure (Govt Proc.) Rules -- Law Reform (Misc. Prov. (Rules of Court) Rules -- Oaths Act -- Fundamental Rights & Freedoms (Enforcement Procedure) Rules -- Advocate (Remuneration & Taxations of Costs) Rules -- Supreme Court Rules Directions -- Judicature Statute -- Court of Appeal Rules.
650 0 _aCivil procedure
_zUganda.
_92000
700 1 _aRwakafuuzi, Ladislaus Kiiza.
_91996
710 2 _aKampala Law Reports (Firm)
_91997
906 _a7
_bcbc
_corigode
_d2
_encip
_f20
_gy-gencatlg
942 _2ddc
_cBK
999 _c730
_d730